Lana Del Rey - The Blackest Day Lyrics - Statistics

General Stats
  • This quiz has been taken 159 times
  • The average score is 346 of 412
Answer Stats
Answer % Correct
blackest
99%
day
99%
the
99%
a
97%
been
97%
"I
97%
I
97%
it
97%
It's
97%
it's
97%
my
97%
away
96%
baby
96%
Ever
96%
ever
96%
since
96%
we
96%
went
96%
All
95%
all
95%
and
94%
And
94%
hear
94%
is
94%
I'm
92%
that
92%
got
91%
Got
91%
to
91%
Billie
90%
me
90%
on
88%
on"
88%
play
88%
you
88%
You
88%
hard
87%
blue
86%
for
86%
going
86%
not
86%
where
86%
nail
85%
of
85%
deeper
83%
(Deeper)
83%
don't
83%
Holiday
83%
love
83%
polish
83%
about
82%
can't
82%
favorite
82%
Get
82%
In
82%
in
82%
easy
81%
God
81%
Oh
81%
places
81%
song
81%
talk
81%
car
79%
color
79%
Harder
79%
harder
79%
(Harder)
79%
tone
79%
wanna
79%
wrong
79%
really
78%
up
78%
own
77%
want
77%
Because
76%
again
74%
break
74%
explain
74%
Now
74%
now
74%
what
74%
your
74%
better
73%
darker
73%
should've
73%
those
73%
Carry
72%
known
72%
things
72%
Than
71%
than
71%
were
71%
but
69%
come
69%
Looking
68%
Just
67%
just
67%
nothing
67%
radio
67%
'Cause
65%
future
65%
home
65%
under
65%
have
64%
us
64%
feel
63%
there's
63%
from
62%
her
62%
Like
62%
spell
62%
weather
62%
express
60%
gone
60%
put
60%
forever
59%
hair
59%
let
59%
playing
59%
simple
59%
think
59%
gathered
58%
hand
58%
new
58%
air
56%
gun
56%
Wind
56%
You're
56%
one
55%
falling
54%
games
54%
Getting
54%
he's
54%
through
54%
hands
53%
trigonometry
53%
phases
51%
with
51%
them
50%
deader
47%
listenin'
47%
our
47%
head
46%
holding
45%
heavy
44%
Or
41%
heartstrings
40%
No matching quizzes found
Score Distribution
Percent of People with Each Score
Percentile by Number Answered
Your Score History
You have not taken this quiz